000 00324 a2200109 4500
001 ART_30625
005 20260410162003.0
008 260409a
245 1 0 _aConsecuencias de la reforma previsional
100 1 _aDieulefait, Enrique
773 0 _tForo económico
_g- Año III, Nº 5 (dic. 1997)
_wREV30369
999 _c31426
_d31426